000 00996nam a22003137a 4500
001 BR0403079
003 BR-BrBNA
005 20230928101642.0
007 ta
008 230509b bl.||||| |||| 00| 0 por d
040 _aBR-BrBNA
_bpor
_cBiblioteca Nacional de Agricultura
041 _a(Por)
072 _aF02
_b1622
090 _ 1622 BR0403079
100 1 _aSouza, C.M. de
110 1 _aUniversidade Federal de Lavras, MG (Brasil)
_0Tese (Mestrado)
245 1 _aEnraizamento de microestacas in vitro e propagação in vitro de repolho (Brassica oleracea L. var. capitata L.)
260 3 _aLavras, MG (Brasil):
_c1995.
300 _a76 p.
500 _aSummaries (Eng, Por); Several bibliography; 7 tables; 32 illus.
650 _aREPOLHO
650 _aENRAIZAMENTO DE ESTACA
650 _aPROPAGAÇÃO VEGETATIVA
650 _aCULTURA IN VITRO
650 _aREGULADOR DE CRESCIMENTO
650 _aMICROPROPAGAÇÃO
909 _a202309
_bLucia
_c55
_dLucia Elande
942 _cBK
999 _c66885
_d66885